000 00583cam a22002053a 4500
001 40976
003 PGUSA
005 20140828083924.0
008 121008s2012||||xxu|||||s|||||000 | eng d
040 _aPGUSA
_beng
042 _adc
100 1 _aWolzogen, Ernst von,
_d1855-1934
245 1 0 _aEnsimäinen seikkailuni
_h[electronic resource] /
_cErnst von Wolzogen
260 _bProject Gutenberg,
_c2012
506 _aPublic domain in the USA.
516 _aElectronic text
830 0 _aProject Gutenberg
_v40976
856 4 0 _uhttp://www.gutenberg.org/ebooks/40976
942 _cEB
999 _c270228
_d270228